| Tag |
First Indicator |
Second Indicator |
Subfields |
| LEADER |
00000cam a2200000 i 4500 |
| 001 |
in00004069921 |
| 005 |
20191021080352.0 |
| 006 |
m o d f |
| 007 |
cr ||||||||||| |
| 008 |
160921s1944 dcuab ob f000 0 eng c |
| 035 |
|
|
|a (OCoLC)ocn958902951
|
| 040 |
|
|
|a COP
|b eng
|e rda
|e pn
|c COP
|d OCLCO
|d OCLCF
|d GPO
|d MvI
|d UtOrBLW
|
| 042 |
|
|
|a pcc
|
| 043 |
|
|
|a n-usu--
|
| 049 |
|
|
|a WWW
|
| 074 |
|
|
|a 0625 (online)
|
| 086 |
0 |
|
|a I 19.13:945
|
| 100 |
1 |
|
|a Meinzer, Oscar Edward,
|d 1876-1948,
|e author.
|0 http://id.loc.gov/authorities/names/no2002074253
|
| 245 |
1 |
0 |
|a Water levels and artesian pressure in observation wells in the United States, 1942.
|n Part 2,
|p Southeastern states /
|c by O.E. Meinzer, L.K. Wenzel and others.
|
| 264 |
|
1 |
|a [Washington, D.C.] :
|b United States Department of the Interior, Geological Survey,
|c 1944.
|
| 264 |
|
2 |
|a Washington :
|b Government Printing Office
|
| 300 |
|
|
|a 1 online resource (iv, 162 pages) :
|b illustrations, map.
|
| 336 |
|
|
|a text
|b txt
|2 rdacontent
|
| 337 |
|
|
|a computer
|b c
|2 rdamedia
|
| 338 |
|
|
|a online resource
|b cr
|2 rdacarrier
|
| 490 |
1 |
|
|a Water-supply paper ;
|v no. 945
|
| 500 |
|
|
|a "Prepared in cooperation with the States of Alabama, Florida, Georgia, Maryland, Mississippi, North Carolina, South Carolina, Tennessee, Virginia, and West Virginia, and other agencies."
|
| 504 |
|
|
|a Includes bibliographical references.
|
| 588 |
|
|
|a Description based on online resource, PDF version; title from title page (USGS, viewed Feb. 2, 2015).
|
| 650 |
|
0 |
|a Artesian wells
|z Southern States.
|
| 650 |
|
0 |
|a Groundwater
|z Southern States.
|
| 650 |
|
7 |
|a Artesian wells.
|2 fast
|0 (OCoLC)fst00817093
|
| 650 |
|
7 |
|a Groundwater.
|2 fast
|0 (OCoLC)fst00948209
|
| 651 |
|
7 |
|a Southern States.
|2 fast
|0 (OCoLC)fst01244550
|
| 700 |
1 |
|
|a Wenzel, L. K.
|q (Leland Keith),
|d 1908-1992,
|e author.
|0 http://id.loc.gov/authorities/names/no2019052885
|
| 710 |
2 |
|
|a Geological Survey (U.S.),
|e issuing body.
|0 http://id.loc.gov/authorities/names/n80092173
|
| 710 |
1 |
|
|a Alabama.
|0 http://id.loc.gov/authorities/names/n79027034
|
| 710 |
1 |
|
|a Florida.
|0 http://id.loc.gov/authorities/names/n79053995
|
| 710 |
1 |
|
|a Georgia.
|0 http://id.loc.gov/authorities/names/n79023113
|
| 710 |
1 |
|
|a Maryland.
|0 http://id.loc.gov/authorities/names/n79029831
|
| 710 |
1 |
|
|a Mississippi.
|0 http://id.loc.gov/authorities/names/n79138969
|
| 710 |
1 |
|
|a North Carolina.
|0 http://id.loc.gov/authorities/names/n79007042
|
| 710 |
1 |
|
|a South Carolina.
|0 http://id.loc.gov/authorities/names/n79022914
|
| 710 |
1 |
|
|a Tennessee.
|0 http://id.loc.gov/authorities/names/n79060965
|
| 710 |
1 |
|
|a Virginia.
|0 http://id.loc.gov/authorities/names/n79022909
|
| 710 |
1 |
|
|a West Virginia.
|0 http://id.loc.gov/authorities/names/n79059831
|
| 776 |
0 |
8 |
|i Print version:
|a Meinzer, Oscar Edward
|t Water levels and artesian pressure in observation wells in the United States, 1942
|w (OCoLC)20537260
|
| 830 |
|
0 |
|a Water-supply paper (Washington, D.C.) ;
|v no. 945.
|0 http://id.loc.gov/authorities/names/n86747817
|
| 856 |
4 |
0 |
|u https://purl.fdlp.gov/GPO/gpo118797
|t 0
|
| 999 |
f |
f |
|s c54ec8e8-658b-3f20-8114-03a389d9bd31
|i 700288c8-2f3d-35a4-b546-c001de74a48a
|t 0
|
| 952 |
f |
f |
|a Texas A&M University
|b College Station
|c Electronic Resources
|d Available Online
|t 0
|e I 19.13:945
|h Superintendent of Documents classification
|
| 998 |
f |
f |
|a I 19.13:945
|t 0
|l Available Online
|